000 01217nam a2200313 i 4500
003 DO-SdBNP
005 20260424144123.0
007 ta
008 260424b2025 dr a|||| |||| 00| 0 spa d
020 _a9789945298109
040 _aDO-SdBNP
_bspa
_cBNPHU
_erda
041 _aspa
082 4 _axxx
_bR696a
_222
100 1 _aRodríguez H., Arismendy
_eautor
_4aut.
_950044
245 1 0 _aAlegorías de mi tiempo :
_bfacetas de la vida cotidiana /
_cRodríguez H., Arismendy ; corrección, Juan Francisco Domínguez Novas ; ilustraciones, Mercedes Tejada.
250 _aPrimera edición
264 4 _aSanto Domingo, República Dominicana
_bImpresora Conadex SRL,
_c©2025.
300 _a157 páginas :
_bilustraciones ;
_c23 cm.
336 _atexto
_btxt
_2rdacontent
337 _asin mediación
_bn
_2rdamedia
338 _avolumen
_bnc
_2rdacarrier
500 _aIncluye datos biográficos del autor en la solapa de la cubierta
500 _aLa biblioteca posee 2 ejemplares autografiados por el autor.
590 _aInventariado, 2026 /LP
700 1 _aDomínguez Novas, Juan Francisco,
_ecorrector
_4corr.
_973382
700 1 _aTejada, Mercedes,
_eilustrador
_4il.
_989403
910 _aLP
942 _2ddc
_cLBS1
999 _c60616
_d60616